Daughters by John Mayer - Statistics

General Stats
  • This quiz has been taken 474 times
  • The average score is 29 of 38
Answer Stats
Hint Answer % Correct
I know a __ girl
99%
Fathers be good to your __ daughters
96%
__ will love like you do daughters
96%
so __ be good to your daughters too mothers
95%
So __ be good to your daughters too mothers
95%
Daughters will __ like you do love
94%
so __ be good to your daughters fathers
93%
So ___ be good to your daughters fathers
93%
Girls become __ who turn into mothers lovers
93%
So mothers be __ to your daughters too good
91%
__ become lovers, who turn into mothers Girls
90%
Maybe it's got __ to do with me nothing
89%
my __ in my hands heart
88%
And __ done all I can I've
86%
where __ of the walls all all
84%
__ of my world inside
83%
Daughters will love like you _ do
82%
she puts the __ color
81%
continually __ change
80%
Now she's left, __ up the mess he made cleaning
79%
Girls __ lovers, who turn into mothers become
77%
___ will be strong Boys
77%
__ I'm starting to see Now
74%
It's the same __ been standing in she's
73%
Since the day she saw him __ aways walking
72%
You find out how much they can __ take
71%
but she's just like a _ maze
70%
Oh, you see that __? skin
64%
looking __ for every girl out
63%
Boys, you can __ break
56%
on __ of every man behalf
55%
And boys __ on soldier
53%
To stand on her __ with steps
53%
But boys would be __ gone
52%
__ of her world weight
50%
a ___ good, good heart woman's
42%
You are the __ and the god
38%
without the __ from warmth
34%
No matching quizzes found
Score Distribution
Percent of People with Each Score
Percentile by Number Answered
Your Score History
You have not taken this quiz